000
00346nam a2200145Ia 4500
008
240624s9999 xx 000 0 und d
041
_a
eng
082
_a
330 CAS
100
_a
CASE KARL E
245
_a
PRINCIPLES OF ECONOMICS
250
_a
(9th ed.)
260
_c
2015
_a
New Delhi
_b
Pearson
300
_a
699 : p. : cm. ; 26
365
_c
RS
_b
33
999
_c
24635
_d
24635